5HLuxD.jpg

KING HENRY VIII SENIOR AND PRIMARY SCHOOL LIBRARY OPAC

I WONDER WHY (Record no. 4593)

000 -LEADER
fixed length control field 00359nam a22001217a 4500
008 - FIXED-LENGTH DATA ELEMENTS--GENERAL INFORMATION
fixed length control field 250304b ||||| |||| 00| 0 eng d
020 ## - INTERNATIONAL STANDARD BOOK NUMBER
International Standard Book Number 9780753405147
082 ## - DEWEY DECIMAL CLASSIFICATION NUMBER
Classification number FIC TAY
100 ## - MAIN ENTRY--PERSONAL NAME
Personal name TAYLOR,BARBARA
Relator term AUTHOR
245 ## - TITLE STATEMENT
Title I WONDER WHY
Remainder of title SOAP MAKES BUBBLES
260 ## - PUBLICATION, DISTRIBUTION, ETC.
Place of publication, distribution, etc. NEW PENDEREL HOUSE,283-288 HIGH HOLBORN
Name of publisher, distributor, etc. KINGFISHER PUBLICATIONS Plc
Date of publication, distribution, etc. 2005
942 ## - ADDED ENTRY ELEMENTS (KOHA)
Source of classification or shelving scheme
Holdings
Withdrawn status Lost status Source of classification or shelving scheme Damaged status Not for loan Collection code Permanent Location Current Location Shelving location Date acquired Total Checkouts Full call number Barcode Date last seen Date last checked out Price effective from Koha item type Public note
          Fiction KH8 Primary School Library KH8 Primary School Library Fiction 2025-04-29 1 590 TAY KHPL000006941 2025-12-05 2025-06-09 2025-04-29 Books - Fiction KH8 PRIMARY LIBRARY

Powered By KH8 IT Dept